Obálka
Pro půjčování e-knih musíte být přihlášeni.
Jak si půjčit online?

Už žádné drama /

Kolikrát jste zažili pocit, že si s vlastní rodinou vůbec nerozumíte? Kolikrát vás nejbližší zranili více než kdokoli jiný? A kolikrát jste to přešli, protože „je to přece rodina“? Možná už není třeba snažit se být tolerantnější, ale je načase nastavit jasné hranice chování, které vám ubližuje. Ať u...

Celý popis

Uloženo v:
Hlavní autor: Glover Tawwab, Nedra (Autor)
Další autoři: Goldmannová, Barbora (Autor)
Médium: E-audiokniha
Vydáno: Praha : Jan Melvil Publishing s.r.o., 2024
Tagy:
Žádné tagy
LEADER 03291nim a22004817i 4500
001 313518
007 sr nunnnnnnned
044 |a xr 
100 1 |a  Glover Tawwab, Nedra  |4 aut 
245 1 0 |a Už žádné drama /  |c  Glover Tawwab, Nedra 
240 1 0 |a Drama Free: A Guide to Managing Unhealthy Family Relationships 
264 1 |a Praha :  |b Jan Melvil Publishing s.r.o.,  |c 2024 
300 |a 1 online zdroj (7 hod., 18 min., 0 sek.) 
336 |a mluvené slovo  |b spw  |2 rdacontent 
337 |a audio  |b s  |2 rdamedia 
338 |a online zdroj  |b cr  |2 rdacarrier 
505 0 0 |t Uvod (12 min., 54 sek.) 
505 0 0 |t Jak_vypada_dysfunkce (29 min., 34 sek.) 
505 0 0 |t Narusovani_hranic,_kodependence_a_enmeshment (20 min., 37 sek.) 
505 0 0 |t Zavislost,_zanedbavani_a_zneuzivani_-_cast_1 (13 min., 43 sek.) 
505 0 0 |t Zavislost,_zanedbavani_a_zneuzivani_-_cast_2 (19 min., 8 sek.) 
505 0 0 |t Opakovani_cyklu (24 min., 12 sek.) 
505 0 0 |t Trauma_napric_generacemi (18 min., 11 sek.) 
505 0 0 |t Jak_nesklouzavat_k_dysfunkcnimu_chovani (24 min., 41 sek.) 
505 0 0 |t Zijete,_nebo_prezivate (21 min., 57 sek.) 
505 0 0 |t Jak_zvladat_vztahy_s_lidmi,_kteri_se_nikdy_nezmeni (20 min., 13 sek.) 
505 0 0 |t Jak_ukoncit_vztah,_kdyz_se_protejsek_nechce_zmenit_-_cast_1 (16 min., 3 sek.) 
505 0 0 |t Jak_ukoncit_vztah,_kdyz_se_protejsek_nechce_zmenit_-_cast_2 (20 min., 55 sek.) 
505 0 0 |t Jak_ziskat_oporu_mimo_rodinu (13 min., 53 sek.) 
505 0 0 |t Jak_resit_problemy_ve_vztazich_s_rodici (29 min., 6 sek.) 
505 0 0 |t Jak_resit_problemy_ve_vztazich_s_detmi_-_cast_1 (22 min., 59 sek.) 
505 0 0 |t Jak_resit_problemy_ve_vztazich_s_detmi_-_cast_2 (18 min., 2 sek.) 
505 0 0 |t Jak_resit_problemy_ve_vztazich_se_sourozenci (28 min., 35 sek.) 
505 0 0 |t Jak_resit_problemy_se_sirsi_rodinou (16 min., 1 sek.) 
505 0 0 |t Jak_na_partnerovu_rodinu (27 min., 55 sek.) 
505 0 0 |t Jak_zvladat_sesivanou_rodinu (17 min., 36 sek.) 
505 0 0 |t Caste_otazky (13 min., 6 sek.) 
505 0 0 |t Zacatek_nove_kapitoly (8 min., 13 sek.) 
520 2 |a Kolikrát jste zažili pocit, že si s vlastní rodinou vůbec nerozumíte? Kolikrát vás nejbližší zranili více než kdokoli jiný? A kolikrát jste to přešli, protože „je to přece rodina“? Možná už není třeba snažit se být tolerantnější, ale je načase nastavit jasné hranice chování, které vám ubližuje. Ať už jde o nevhodné poznámky při rodinném setkání, traumata z emocionálního zanedbávání, nejrůznější závislosti či duševní onemocnění, nebo dokonce špatné zacházení a zneužívání, o němž se dodnes mlčí u stolu.Nedra Glover Tawwab přichází s výjimečně praktickou a soucitnou knihou plnou příkladů, která vás naučí dysfunkční rodinné vzorce identifikovat a vybrat tu nejlepší možnou cestu pro jejich nápravu tam, kde je to ještě možné. 
700 1 |a  Goldmannová, Barbora  |4 nrt 
910 |a RBIT002 
998 |d 424162  |a https://core.palmknihy.cz/api/books/424162/cover?t6jxlz  |b https://core.palmknihy.cz/api/books/424162/cover/400?t6jxlz  |c https://core.palmknihy.cz/api/books/424162/cover/50?t6jxlz  |e 2050-12-31  |i 9788087552421  |l 26280  |q 49  |r 1  |s https://www.palmknihy.cz/kniha/424162  |t audiobook  |y 2024  |z 1 
999 |d 313516